000 00489nam a2200181Ia 4500
008 090123s9999 xx 000 0 und d
082 _b42071
100 _aमंगेशकर गीता
245 _aमधुचंद्र.
250 _a1
260 _c2007
300 _a200
600 _aमंगेशकर गीता
630 _aमधुचंद्र.
700 _aमंगेशकर गीता
730 _aमधुचंद्र.
942 _cBOOK
999 _c80189
_d80189